000 00448nam a2200181Ia 4500
005 20240823020325.0
008 240823s9999||||xx |||||||||||||| ||und||
041 _aENGLISH
082 _A362.1969792
100 _aUNICEF
245 0 _aAcceleratingthe Momentum in the Fight Against HIV / AIDS in South Asia
250 _a1st
260 _bU
_aKathmandu
500 _aTRANSFERED
650 _aDisease
_bGeneral
942 _cBK
999 _c174488
_d174488